SPC2000 (Record no. 103745)
[ view plain ]
| 000 -LEADER | |
|---|---|
| fixed length control field | 01310cam a2200301 4500 |
| 001 - CONTROL NUMBER | |
| control field | ##L127341 |
| 008 - FIXED-LENGTH DATA ELEMENTS--GENERAL INFORMATION | |
| fixed length control field | 040913n2004 000 0 eng u |
| 020 ## - INTERNATIONAL STANDARD BOOK NUMBER | |
| International Standard Book Number | 1901171264 |
| 035 ## - SYSTEM CONTROL NUMBER | |
| System control number | (Sirsi) u127341 |
| 041 0# - LANGUAGE CODE | |
| Language code of text/sound track or separate title | eng |
| 050 04 - LIBRARY OF CONGRESS CALL NUMBER | |
| Classification number | 692.8 $2 18 |
| 110 2# - MAIN ENTRY--CORPORATE NAME | |
| Corporate name or jurisdiction name as entry element | Association of Consultant Architects |
| 9 (RLIN) | 1156 |
| 240 00 - UNIFORM TITLE | |
| Uniform title | Specialist Contract 2000 |
| 245 00 - TITLE STATEMENT | |
| Title | SPC2000 |
| Remainder of title | ACA Standard Form of Specialist Contract for Project Partnering |
| -- | amended 2004 |
| 250 ## - EDITION STATEMENT | |
| Edition statement | Rev. ed. |
| 260 ## - PUBLICATION, DISTRIBUTION, ETC. | |
| Place of publication, distribution, etc. | Bromley |
| Name of publisher, distributor, etc. | ACA |
| Date of publication, distribution, etc. | 2004 |
| 300 ## - PHYSICAL DESCRIPTION | |
| Extent | x, 44p. |
| Dimensions | 30cm. |
| 350 ## - PRICE (NR) (BK AM CF MU VM SE) [OBSOLETE] | |
| Price | 16 |
| 490 #0 - SERIES STATEMENT | |
| Series statement | ACA Standard Form of Specialist Contract for Project Partnering (2000 Edition) |
| Volume/sequential designation | 2004 Amendment |
| 520 ## - SUMMARY, ETC. | |
| Summary, etc. | Specialist Contract for Project Partnering (amended 2004), intended for use with PPC2000, the ACA Standard Form of Contract for Project Partnering. It should be utilised with the support of experienced legal and/or other professional advice on its implementation. |
| 650 24 - SUBJECT ADDED ENTRY--TOPICAL TERM | |
| Topical term or geographic name entry element | ACA STANDARD FORM OF SPECIALIST CONTRACT FOR PROJECT PARTNERING (2000 EDITION) (2004 AMENDMENT) |
| 650 24 - SUBJECT ADDED ENTRY--TOPICAL TERM | |
| Topical term or geographic name entry element | ACA STANDARD FORM OF CONTRACT FOR PROJECT PARTNERING (2000 EDITION) |
| 651 #4 - SUBJECT ADDED ENTRY--GEOGRAPHIC NAME | |
| Geographic name | United Kingdom |
| Chronological subdivision | |
| 690 ## - LOCAL SUBJECT ADDED ENTRY--TOPICAL TERM (OCLC, RLIN) | |
| Topical term or geographic name as entry element | BUILT ENVIRONMENT-BUILDING CONTRACT FORMS |
| 700 1# - ADDED ENTRY--PERSONAL NAME | |
| Personal name | Mosey, David |
| 700 1# - ADDED ENTRY--PERSONAL NAME | |
| Personal name | Morrish, Charles |
| 942 ## - ADDED ENTRY ELEMENTS (KOHA) | |
| Suppress in OPAC | 0 |
| Withdrawn status | Lost status | Source of classification or shelving scheme | Damaged status | Not for loan | Home library | Current library | Shelving location | Date acquired | Cost, normal purchase price | Total Checkouts | Full call number | Barcode | Date last seen | Copy number | Cost, replacement price | Price effective from | Koha item type |
|---|---|---|---|---|---|---|---|---|---|---|---|---|---|---|---|---|---|
| Dewey Decimal Classification | London | London | Basement | 19/12/2005 | 17.00 | BASEMENT | 30071699 | 06/08/2019 | 1 | 17.00 | 06/08/2019 | Book |